[Event "Turkey IS Bank Super League 2017"]
[Site "Darica-Kocaeli"]
[Date "2017.08.04"]
[Round "11"]
[White "Kaplan, Ebru"]
[Black "Atalik, Ekaterina"]
[Result "0-1"]
[WhiteElo "2022"]
[BlackElo "2445"]
[Annotator "TA"]
[PlyCount "70"]
[EventType "team-tourn"]
[EventCountry "TUR"]
[SourceTitle "playchess.com"]
[Source "ChessBase"]
[SourceQuality "1"]

1. e4 e5 2. Nf3 Nc6 3. Nc3 Nf6 4. Bb5 d6 5. d4 exd4 6. Qxd4 Bd7 7. Bxc6 Bxc6 8. Bg5 Be7 9. O-O-O O-O 10. Rhe1 Re8 11. e5 dxe5 12. Qc4 Nd7 13. Be3 Bd6 14. h4 Qe7 15. h5 Nb6 16. Qg4 Qe6 17. Qh4 Qc4 18. Qh3 Na4 19. Nxa4 Qxa4 20. Kb1 Bd7 21. Qh1 Be6 22. b3 Qc6 23. Bc1 Bf5 24. Re2 h6 25. Bb2 a5 26. Nh4 Bh7 27. Qe1 Bb4 28. Qg1 a4 29. g4 axb3 30. axb3 Qa6 31. Qf1 Qa2+ 32. Kc1 Ba3 33. Bxa3 Qa1+ 34. Kd2 Rad8+ 35. Ke3 Qc3+ 0-1

[Event "Turkey IS Bank Super League 2017"]
[Site "Darica-Kocaeli"]
[Date "2017.08.04"]
[Round "11"]
[White "Unat, Can Haktan"]
[Black "Kesgin, Halit Kaan"]
[Result "1-0"]
[WhiteElo "2006"]
[BlackElo "2207"]
[Annotator "NA"]
[PlyCount "116"]
[EventType "team-tourn"]
[EventCountry "TUR"]
[SourceTitle "playchess.com"]
[Source "ChessBase"]
[SourceQuality "1"]

1. Nf3 d5 2. g3 Nf6 3. Bg2 c5 4. O-O Nc6 5. d3 e6 6. Nc3 Be7 7. e4 O-O 8. a3 a6 9. Kh1 h6 10. Bd2 Re8 11. Ng1 dxe4 12. Nxe4 Nxe4 13. Bxe4 f5 14. Bg2 Bf6 15. Rb1 e5 16. f4 c4 17. dxc4 e4 18. Be3 Be6 19. Qe2 Qc7 20. Rfd1 Ne7 21. b3 b5 22. Qf2 bxc4 23. Ne2 Nd5 24. Rbc1 Bb2 25. Rb1 Bxa3 26. b4 Rab8 27. c3 a5 28. b5 Nxe3 29. Qxe3 Bc5 30. Nd4 Bd7 31. Bf1 Bb6 32. Qe2 Kh7 33. Qxc4 Qxc4 34. Bxc4 Rec8 35. Ne6 Rxc4 36. Rxd7 e3 37. Nxg7 Kg6 38. Rbd1 Bc5 39. Ne6 Rxb5 40. Nxc5 Rcxc5 41. R1d6+ Kh5 42. Kg2 Rb2+ 43. Kh3 Rxc3 44. Rh7 Rxh2+ 45. Kxh2 Kg4 46. Rd1 Rc2+ 47. Kg1 Kxg3 48. Rg7+ Kxf4 49. Rf1+ Ke4 50. Re7+ Kd3 51. Rxf5 Rc1+ 52. Rf1 Rc3 53. Ra1 Ke2 54. Rxa5 Kf3 55. Rf5+ Kg4 56. Rf1 Kg3 57. Rg7+ Kh4 58. Kg2 Rd3 1-0

[Event "Turkey IS Bank Super League 2017"]
[Site "Darica-Kocaeli"]
[Date "2017.08.04"]
[Round "11"]
[White "Gundogan, Sinem Cagla"]
[Black "Yassibag, Ipek Asli"]
[Result "1-0"]
[WhiteElo "2000"]
[BlackElo "1880"]
[Annotator "NA"]
[PlyCount "65"]
[EventType "team-tourn"]
[EventCountry "TUR"]
[SourceTitle "playchess.com"]
[Source "ChessBase"]
[SourceQuality "1"]

1. e4 d5 2. exd5 Nf6 3. Bb5+ Bd7 4. Be2 Nxd5 5. d4 Bf5 6. Nf3 e6 7. O-O Nc6 8. a3 a6 9. c4 Nf6 10. h3 Be7 11. Be3 O-O 12. Nc3 Qd7 13. b4 Rfd8 14. Qb3 Ne4 15. Nxe4 Bxe4 16. Rad1 Bf6 17. Rd2 Qe7 18. Rfd1 Rd7 19. d5 exd5 20. cxd5 Ne5 21. Bc5 Qe8 22. Nxe5 Qxe5 23. Bg4 Rdd8 24. Re2 Bxd5 25. Rxd5 Qxd5 26. Re8+ Rxe8 27. Qxd5 c6 28. Qd7 Rab8 29. g3 g6 30. Ba7 Re7 31. Qd6 Re1+ 32. Kg2 Be5 33. Qd2 1-0

[Event "Turkey IS Bank Super League 2017"]
[Site "Darica-Kocaeli"]
[Date "2017.08.04"]
[Round "11"]
[White "Ozbay, Ece"]
[Black "Ayan, Bengu Sena"]
[Result "0-1"]
[WhiteElo "1970"]
[BlackElo "1862"]
[Annotator "NA"]
[PlyCount "101"]
[EventType "team-tourn"]
[EventCountry "TUR"]
[SourceTitle "playchess.com"]
[Source "ChessBase"]
[SourceQuality "1"]

1. e4 e6 2. d4 d5 3. Nc3 Nf6 4. Bg5 Be7 5. e5 Nfd7 6. Bxe7 Qxe7 7. f4 a6 8. Nf3 Nb6 9. Bd3 Bd7 10. Ne2 c5 11. c3 Nc6 12. O-O h6 13. Ng3 cxd4 14. cxd4 Nb4 15. Bb1 Nc4 16. Qe2 Nb6 17. Qf2 g6 18. a3 Nc6 19. h4 O-O-O 20. Bd3 Kb8 21. b4 Na7 22. Ne2 Rc8 23. Rfc1 Bb5 24. Ne1 g5 25. hxg5 hxg5 26. Bxb5 axb5 27. Rxc8+ Naxc8 28. f5 Qf8 29. Ng3 Qh6 30. Kf1 Nc4 31. Ke2 g4 32. Ra2 Qc1 33. Kf1 Ne3+ 34. Kg1 Nxf5 35. Nxf5 exf5 36. Rc2 Qh6 37. Qg3 Ka8 38. Qd3 Qh2+ 39. Kf2 Qf4+ 40. Ke2 Nb6 41. Qe3 Qh2 42. Qg5 g3 43. Qxf5 Rh4 44. Qf6 Re4+ 45. Kd3 Qg1 46. Rd2 Qxd4+ 47. Kc2 Qc4+ 48. Kd1 Qb3+ 49. Rc2 Qb1+ 50. Rc1 Rd4+ 51. Ke2 0-1

[Event "Turkey IS Bank Super League 2017"]
[Site "Darica-Kocaeli"]
[Date "2017.08.04"]
[Round "11"]
[White "Ayazmali, Gizem"]
[Black "Sade, Defne"]
[Result "1-0"]
[WhiteElo "1849"]
[BlackElo "1654"]
[Annotator "NA"]
[PlyCount "95"]
[EventType "team-tourn"]
[EventCountry "TUR"]
[SourceTitle "playchess.com"]
[Source "ChessBase"]
[SourceQuality "1"]

1. Nf3 d5 2. g3 c6 3. Bg2 Bf5 4. O-O h6 5. d4 Nd7 6. Nbd2 Ngf6 7. c4 e6 8. cxd5 exd5 9. Ne5 Bd6 10. Nxd7 Qxd7 11. f3 Bh3 12. e4 Bxg2 13. Kxg2 Be7 14. e5 Nh7 15. f4 O-O-O 16. h3 f5 17. Qc2 h5 18. h4 Nf8 19. Nf3 g6 20. Re1 Ne6 21. Bd2 Qc7 22. b4 Kd7 23. Rac1 Rc8 24. b5 Ke8 25. bxc6 bxc6 26. Qa4 Kf7 27. Bb4 Bxb4 28. Qxb4 Rhd8 29. Ng5+ Nxg5 30. hxg5 Ke6 31. Rc5 Rb8 32. Qc3 Rb6 33. Rc1 Rc8 34. a4 Qb7 35. Rc2 Qa6 36. a5 Rb5 37. Rxc6+ Rxc6 38. Qxc6+ Qxc6 39. Rxc6+ Kf7 40. Rc7+ Kg8 41. Rxa7 Rb4 42. Rd7 Rxd4 43. a6 Ra4 44. a7 Ra2+ 45. Kh3 d4 46. Rd8+ Kf7 47. a8=Q Rxa8 48. Rxa8 1-0

[Event "Turkey IS Bank Super League 2017"]
[Site "Darica-Kocaeli"]
[Date "2017.08.05"]
[Round "12"]
[White "Mamedov, Rauf"]
[Black "Najer, Evgeniy"]
[Result "1/2-1/2"]
[WhiteElo "2680"]
[BlackElo "2706"]
[Annotator "TA"]
[PlyCount "66"]
[EventType "team-tourn"]
[EventCountry "TUR"]
[SourceTitle "playchess.com"]
[Source "ChessBase"]
[SourceQuality "1"]

1. e4 e6 2. d4 d5 3. Nd2 c5 4. Ngf3 Nf6 5. exd5 Nxd5 6. Nb3 cxd4 7. Nbxd4 a6 8. Bd3 Bd6 9. O-O O-O 10. Qe2 h6 11. Bd2 Re8 12. Rfe1 Nd7 13. Nf5 Bf8 14. c4 N5f6 15. Ng3 b6 16. Bc3 Bb7 17. Rad1 Qc7 18. Ne5 Nxe5 19. Bxe5 Qc6 20. f3 Rad8 21. Kh1 Be7 22. Bc3 Qc7 23. Be5 Qc8 24. Bc3 Bc6 25. Bb1 Rxd1 26. Qxd1 Bb7 27. b3 Kf8 28. Bxf6 Bxf6 29. Qd6+ Kg8 30. Qxb6 Qd7 31. Qf2 Rd8 32. Be4 Bc8 33. Nf1 Bc3 1/2-1/2

[Event "Turkey IS Bank Super League 2017"]
[Site "Darica-Kocaeli"]
[Date "2017.08.05"]
[Round "12"]
[White "Markus, Robert"]
[Black "Erdogdu, Mert"]
[Result "1-0"]
[WhiteElo "2672"]
[BlackElo "2445"]
[Annotator "TA"]
[PlyCount "67"]
[EventType "team-tourn"]
[EventCountry "TUR"]
[SourceTitle "playchess.com"]
[Source "ChessBase"]
[SourceQuality "1"]

1. d4 Nf6 2. c4 e6 3. Nf3 d5 4. g3 Be7 5. Bg2 O-O 6. O-O dxc4 7. Qc2 a6 8. a4 Bd7 9. Qxc4 Bc6 10. Bf4 Bd6 11. Bg5 Nbd7 12. Nc3 h6 13. Bxf6 Nxf6 14. b4 Bd5 15. Nxd5 exd5 16. Qb3 Re8 17. e3 c6 18. Rfc1 Qb6 19. Rab1 Ne4 20. Rc2 h5 21. Bh3 Re7 22. b5 axb5 23. axb5 Ra3 24. Qb2 Ra4 25. Qc1 cxb5 26. Rc8+ Kh7 27. Qd1 Rb4 28. Rxb4 Bxb4 29. Ng5+ Kg6 30. Nxe4 dxe4 31. Rh8 Kf6 32. Qxh5 g6 33. Qh4+ Kg7 34. Rc8 1-0

[Event "Turkey IS Bank Super League 2017"]
[Site "Darica-Kocaeli"]
[Date "2017.08.05"]
[Round "12"]
[White "Korobov, Anton"]
[Black "Safarli, Eltaj"]
[Result "1/2-1/2"]
[WhiteElo "2668"]
[BlackElo "2641"]
[Annotator "TA"]
[PlyCount "60"]
[EventType "team-tourn"]
[EventCountry "TUR"]
[SourceTitle "playchess.com"]
[Source "ChessBase"]
[SourceQuality "1"]

1. d4 Nf6 2. c4 g6 3. Nf3 Bg7 4. g3 c6 5. Bg2 d5 6. O-O O-O 7. b3 dxc4 8. bxc4 c5 9. Bb2 cxd4 10. Nxd4 Qb6 11. Qb3 Nfd7 12. e3 Nc6 13. Nc3 Qxb3 14. axb3 Nc5 15. Nd5 Nxd4 16. Nxe7+ Kh8 17. Bxd4 Bxd4 18. exd4 Nxb3 19. Rad1 Bg4 20. Rd3 Na5 21. Rc3 Rae8 22. Nd5 Be2 23. Rfc1 Bxc4 24. Rxc4 Nxc4 25. Rxc4 Re1+ 26. Bf1 b5 27. Rc5 Rb8 28. Nb4 a5 29. Nc6 Ra8 30. Rxb5 a4 1/2-1/2

[Event "Turkey IS Bank Super League 2017"]
[Site "Darica-Kocaeli"]
[Date "2017.08.05"]
[Round "12"]
[White "Kravtsiv, Martyn"]
[Black "Tari, Aryan"]
[Result "1/2-1/2"]
[WhiteElo "2657"]
[BlackElo "2595"]
[Annotator "TA"]
[PlyCount "66"]
[EventType "team-tourn"]
[EventCountry "TUR"]
[SourceTitle "playchess.com"]
[Source "ChessBase"]
[SourceQuality "1"]

1. Nf3 d5 2. d4 Nf6 3. c4 e6 4. Nc3 Bb4 5. Qb3 c5 6. dxc5 Na6 7. a3 Bxc3+ 8. Qxc3 Nxc5 9. cxd5 Qxd5 10. Be3 Nce4 11. Qe5 Qxe5 12. Nxe5 Nd5 13. Bc1 Nc5 14. b4 Nb3 15. Rb1 Nxc1 16. Rxc1 Ke7 17. e4 Nf6 18. Rc7+ Kd6 19. Rc5 Rf8 20. Nxf7+ Rxf7 21. e5+ Ke7 22. exf6+ Kxf6 23. g4 b6 24. g5+ Ke7 25. Rc7+ Kf8 26. Rxf7+ Kxf7 27. Bg2 Rb8 28. O-O Bb7 29. Rc1 Rc8 30. Rxc8 Bxc8 31. f4 e5 32. fxe5 Kg6 33. Kf2 Kxg5 1/2-1/2

[Event "Turkey IS Bank Super League 2017"]
[Site "Darica-Kocaeli"]
[Date "2017.08.05"]
[Round "12"]
[White "Anton Guijarro, David"]
[Black "Sadikhov, Ulvi"]
[Result "1-0"]
[WhiteElo "2654"]
[BlackElo "2494"]
[Annotator "TA"]
[PlyCount "161"]
[EventType "team-tourn"]
[EventCountry "TUR"]
[SourceTitle "playchess.com"]
[Source "ChessBase"]
[SourceQuality "1"]

1. d4 Nf6 2. c4 g6 3. Nc3 Bg7 4. e4 d6 5. h3 O-O 6. Be3 c6 7. Nf3 Na6 8. Nd2 e5 9. d5 Nh5 10. g3 Bf6 11. h4 Ng7 12. Be2 Be7 13. h5 f5 14. hxg6 hxg6 15. Qc2 f4 16. gxf4 exf4 17. Bd4 Bf6 18. Nf3 Bg4 19. Bxf6 Qxf6 20. O-O-O Bxf3 21. Bxf3 Nc5 22. e5 dxe5 23. b4 e4 24. bxc5 exf3 25. dxc6 Qxc6 26. Rdg1 Rf5 27. Rh6 Qxc5 28. Rhxg6 Rf7 29. Nd5 Qd4 30. Kb1 Re8 31. Nf6+ Qxf6 32. Rxf6 Rxf6 33. Qc3 Rf7 34. Qxf3 b6 35. Rg4 Ref8 36. Qd5 Re8 37. Rxf4 Re6 38. Rxf7 Kxf7 39. f4 Kf6 40. Qd4+ Kf7 41. Qd7+ Re7 42. Qd5+ Kf8 43. f5 Rf7 44. Qd8+ Ne8 45. Qc8 Rc7 46. Qe6 Rf7 47. Qd5 Ng7 48. Qa8+ Ne8 49. a4 Rc7 50. Qd5 Rf7 51. Kc2 Kg7 52. Qe5+ Nf6 53. Kb3 Kf8 54. Qd6+ Kg7 55. Kb4 Ne8 56. Qe5+ Kf8 57. a5 bxa5+ 58. Qxa5 Ng7 59. Qd8+ Ne8 60. Qc8 Rc7 61. Qe6 Rb7+ 62. Kc3 Rc7 63. Qd5 Ke7 64. c5 a5 65. c6 Kf8 66. Kc4 a4 67. Kb4 Rf7 68. Kxa4 Nc7 69. Qd8+ Kg7 70. Qg5+ Kf8 71. Ka5 Ke8 72. Kb6 Nd5+ 73. Kc5 Nc7 74. Qg6 Ke7 75. Qd6+ Ke8 76. f6 Rh7 77. Qe5+ Kf8 78. Qf5 Rf7 79. Qc8+ Ne8 80. Qd8 Rc7 81. Qd7 1-0

[Event "Turkey IS Bank Super League 2017"]
[Site "Darica-Kocaeli"]
[Date "2017.08.05"]
[Round "12"]
[White "Salgado Lopez, Ivan"]
[Black "Mamedov, Nidjat"]
[Result "1/2-1/2"]
[WhiteElo "2627"]
[BlackElo "2589"]
[Annotator "TA"]
[PlyCount "101"]
[EventType "team-tourn"]
[EventCountry "TUR"]
[SourceTitle "playchess.com"]
[Source "ChessBase"]
[SourceQuality "1"]

1. e4 e5 2. Nf3 Nf6 3. Nxe5 d6 4. Nf3 Nxe4 5. d4 d5 6. Bd3 Nc6 7. O-O Bg4 8. c4 Nf6 9. cxd5 Bxf3 10. Qxf3 Qxd5 11. Qxd5 Nxd5 12. Nc3 O-O-O 13. Bc4 Nf6 14. Be3 Nxd4 15. Rfd1 Ne6 16. Bxa7 Bb4 17. f3 Rxd1+ 18. Rxd1 Rd8 19. Be3 Rxd1+ 20. Nxd1 c6 21. Nf2 Kd7 22. Nd3 Bd6 23. a4 Nd5 24. Bf2 Nb4 25. Nxb4 Bxb4 26. Kf1 Kd6 27. Be3 Ke5 28. Ke2 Nf4+ 29. Bxf4+ Kxf4 30. Bxf7 Ke5 31. g3 Bc5 32. f4+ Kd6 33. h4 h6 34. Kf3 Bd4 35. b3 c5 36. g4 b6 37. Bc4 Bc3 38. Ke4 Be1 39. h5 Bd2 40. Kf5 Bc1 41. g5 Bd2 42. gxh6 gxh6 43. Ke4 Ke7 44. Ke5 Bc3+ 45. Kd5 Kf6 46. Kc6 Ba5 47. Bd3 Ke6 48. Bc2 Kf6 49. Kb5 Ke6 50. Kc6 Kf6 51. Kb5 1/2-1/2

[Event "Turkey IS Bank Super League 2017"]
[Site "Darica-Kocaeli"]
[Date "2017.08.05"]
[Round "12"]
[White "Solak, Dragan"]
[Black "Kuzubov, Yuriy"]
[Result "1/2-1/2"]
[WhiteElo "2624"]
[BlackElo "2646"]
[Annotator "TA"]
[PlyCount "63"]
[EventType "team-tourn"]
[EventCountry "TUR"]
[SourceTitle "playchess.com"]
[Source "ChessBase"]
[SourceQuality "1"]

1. e4 e5 2. Nf3 Nf6 3. Nxe5 d6 4. Nf3 Nxe4 5. d4 d5 6. Bd3 Be7 7. O-O Nd6 8. Bf4 O-O 9. Re1 Re8 10. Nbd2 Nd7 11. c3 Nf8 12. Qb3 c6 13. h3 Ne6 14. Bh2 g6 15. a4 Nc7 16. Re2 Bf8 17. Rxe8 Ncxe8 18. Re1 Be6 19. Bf4 Qc8 20. Qc2 Bf5 21. Bxf5 Qxf5 22. Qxf5 Nxf5 23. Kf1 f6 24. Ke2 Bd6 25. Bxd6 Nexd6 26. Kd3 Kf7 27. b3 Re8 28. Rxe8 Kxe8 29. Ne1 Kd7 30. Nc2 h5 31. Ne3 Ke6 32. Nxf5 1/2-1/2

[Event "Turkey IS Bank Super League 2017"]
[Site "Darica-Kocaeli"]
[Date "2017.08.05"]
[Round "12"]
[White "Mchedlishvili, Mikheil"]
[Black "Abasov, Nijat"]
[Result "1/2-1/2"]
[WhiteElo "2602"]
[BlackElo "2577"]
[Annotator "TA"]
[PlyCount "39"]
[EventType "team-tourn"]
[EventCountry "TUR"]
[SourceTitle "playchess.com"]
[Source "ChessBase"]
[SourceQuality "1"]

1. d4 Nf6 2. c4 e6 3. Nf3 d5 4. g3 dxc4 5. Bg2 c5 6. O-O Nc6 7. dxc5 Qxd1 8. Rxd1 Bxc5 9. Nbd2 c3 10. bxc3 O-O 11. Nb3 Be7 12. c4 Bd7 13. Bb2 Rfd8 14. Nfd4 Rac8 15. Nb5 b6 16. Nd6 Rc7 17. Nb5 Rcc8 18. Nd6 Rc7 19. Nb5 Rcc8 20. Nd6 1/2-1/2

[Event "Turkey IS Bank Super League 2017"]
[Site "Darica-Kocaeli"]
[Date "2017.08.05"]
[Round "12"]
[White "Heberla, Bartlomiej"]
[Black "Topak, Engin"]
[Result "1-0"]
[WhiteElo "2577"]
[BlackElo "2192"]
[Annotator "TA"]
[PlyCount "93"]
[EventType "team-tourn"]
[EventCountry "TUR"]
[SourceTitle "playchess.com"]
[Source "ChessBase"]
[SourceQuality "1"]

1. c4 Nf6 2. Nc3 e6 3. e4 e5 4. Nf3 Nc6 5. d4 exd4 6. Nxd4 d6 7. Be2 Be7 8. O-O O-O 9. Nc2 Re8 10. b3 Bf8 11. f3 Nd7 12. Bb2 a5 13. Nd5 Nc5 14. Nce3 Ne5 15. Qc2 c6 16. Nc3 Qb6 17. Bc1 a4 18. Rb1 axb3 19. axb3 Ne6 20. Kh1 Nd4 21. Qd1 Nxe2 22. Qxe2 Ng6 23. Qc2 Nf4 24. Rd1 Be6 25. Nf5 Bxf5 26. Bxf4 Bg6 27. Bxd6 Bxd6 28. Rxd6 Qc5 29. Rd7 b5 30. cxb5 cxb5 31. Qd2 Rac8 32. Nd5 f5 33. Qb2 Qf8 34. e5 Rcd8 35. Rxd8 Rxd8 36. Nf4 Qb4 37. Qc1 Bf7 38. e6 Be8 39. h4 Rd4 40. Qc8 Kf8 41. g3 Rxf4 42. gxf4 Qxf4 43. Qc5+ Kg8 44. Kg2 Qxh4 45. Qxf5 Bg6 46. Rc1 Qd8 47. Qd5 1-0

[Event "Turkey IS Bank Super League 2017"]
[Site "Darica-Kocaeli"]
[Date "2017.08.05"]
[Round "12"]
[White "Tukhaev, Adam"]
[Black "Vorontsov, Pavlo"]
[Result "1-0"]
[WhiteElo "2558"]
[BlackElo "2510"]
[Annotator "TA"]
[PlyCount "81"]
[EventType "team-tourn"]
[EventCountry "TUR"]
[SourceTitle "playchess.com"]
[Source "ChessBase"]
[SourceQuality "1"]

1. e4 g6 2. d4 Bg7 3. Nc3 c6 4. Nf3 d6 5. h3 Nf6 6. a4 O-O 7. Be2 b6 8. O-O Bb7 9. Bf4 Nbd7 10. Qc1 a6 11. Rd1 b5 12. e5 Ne8 13. b4 Nb6 14. Bh6 f6 15. Ne4 f5 16. Nc3 Nc7 17. h4 Ne6 18. Bxg7 Kxg7 19. Ng5 Nxg5 20. Qxg5 h6 21. Qf4 Qc7 22. Rd3 dxe5 23. dxe5 Nc4 24. Re1 Bc8 25. Rg3 Qxe5 26. Rxg6+ Kxg6 27. Bh5+ Kxh5 28. Rxe5 Nxe5 29. Qxe5 Kg6 30. Qxe7 Rf7 31. h5+ Kg7 32. Qd6 Bd7 33. Qg6+ Kf8 34. Qxh6+ Ke7 35. Qg5+ Kd6 36. Qf4+ Ke6 37. Ne2 Re8 38. Qd4 Ke7 39. a5 Kd8 40. Qb6+ Ke7 41. Nf4 1-0

[Event "Turkey IS Bank Super League 2017"]
[Site "Darica-Kocaeli"]
[Date "2017.08.05"]
[Round "12"]
[White "Dastan, Muhammed Batuhan"]
[Black "Yilmaz, Goktan"]
[Result "1-0"]
[WhiteElo "2529"]
[BlackElo "2202"]
[Annotator "TA"]
[PlyCount "81"]
[EventType "team-tourn"]
[EventCountry "TUR"]
[SourceTitle "playchess.com"]
[Source "ChessBase"]
[SourceQuality "1"]

1. Nf3 Nf6 2. g3 d5 3. Bg2 e6 4. O-O Be7 5. d3 c5 6. Nbd2 Nc6 7. e4 O-O 8. e5 Nd7 9. Re1 b5 10. Nf1 a5 11. h4 a4 12. a3 b4 13. h5 Qb6 14. h6 g6 15. N1h2 bxa3 16. bxa3 Ba6 17. Bf4 Nd4 18. Qd2 Nxf3+ 19. Bxf3 c4 20. dxc4 Bxc4 21. Bg5 Qd8 22. Bxe7 Qxe7 23. Bg2 Rab8 24. Nf3 Rfc8 25. Qf4 Rb2 26. Nd4 Ba6 27. Bh3 Nb6 28. Rab1 Nc4 29. Rxb2 Nxb2 30. Rb1 Nc4 31. Rb4 g5 32. Qf6 Qxf6 33. exf6 Ne5 34. f4 gxf4 35. gxf4 Ng6 36. Nxe6 Rxc2 37. Nd4 Rc1+ 38. Kf2 Bd3 39. Rb8+ Nf8 40. Ne6 Rc2+ 41. Kg3 1-0

[Event "Turkey IS Bank Super League 2017"]
[Site "Darica-Kocaeli"]
[Date "2017.08.05"]
[Round "12"]
[White "Ali Marandi, Cemil Can"]
[Black "Cheparinov, Ivan"]
[Result "0-1"]
[WhiteElo "2526"]
[BlackElo "2703"]
[Annotator "TA"]
[PlyCount "104"]
[EventType "team-tourn"]
[EventCountry "TUR"]
[SourceTitle "playchess.com"]
[Source "ChessBase"]
[SourceQuality "1"]

1. e4 c5 2. Nf3 d6 3. d4 cxd4 4. Nxd4 Nf6 5. Nc3 a6 6. h4 e5 7. Nb3 Be6 8. f4 b5 9. f5 Bc8 10. Bg5 Nbd7 11. g4 Bb7 12. Qf3 Rc8 13. Bd3 Rxc3 14. bxc3 Qc7 15. Bxf6 Nxf6 16. g5 Qxc3+ 17. Kf2 Nd7 18. f6 gxf6 19. gxf6 h5 20. Raf1 Bh6 21. Ke2 Bf4 22. Rhg1 a5 23. Rd1 Bc6 24. Qh3 Kd8 25. Rg7 Rf8 26. Nd2 Nxf6 27. a4 Bd7 28. Qf3 Bg4 29. Rxg4 Nxg4 30. Bxb5 Qxc2 31. Qa3 Ke7 32. Bd3 Qc7 33. Rb1 Bxd2 34. Kxd2 Rb8 35. Rb5 Qa7 36. Qc3 Rxb5 37. axb5 Qb6 38. Qc4 Nf6 39. Bc2 Nd7 40. Kc1 Qe3+ 41. Kb2 Qe1 42. Bb3 Qd2+ 43. Kb1 Qf2 44. Qd5 a4 45. Bxa4 Qxh4 46. Bb3 Qe1+ 47. Kc2 Qf2+ 48. Qd2 Qc5+ 49. Kb2 Qxb5 50. Qg5+ Nf6 51. Qg7 Qe8 52. Qg5 Qg8 0-1

[Event "Turkey IS Bank Super League 2017"]
[Site "Darica-Kocaeli"]
[Date "2017.08.05"]
[Round "12"]
[White "Yilmazyerli, Mert"]
[Black "Karayel, Atagun"]
[Result "1-0"]
[WhiteElo "2459"]
[BlackElo "1907"]
[Annotator "TA"]
[PlyCount "43"]
[EventType "team-tourn"]
[EventCountry "TUR"]
[SourceTitle "playchess.com"]
[Source "ChessBase"]
[SourceQuality "1"]

1. e4 c5 2. Nf3 Nf6 3. e5 Nd5 4. Nc3 Nxc3 5. dxc3 Nc6 6. Bf4 Qb6 7. b3 Qc7 8. Qd2 e6 9. Rd1 h6 10. h3 b6 11. Bd3 Bb7 12. Be4 Na5 13. Qe3 O-O-O 14. O-O Be7 15. Bg3 Kb8 16. c4 Bc6 17. Rd3 Nb7 18. Rfd1 Rhg8 19. Nd2 d6 20. Qf3 Bxe4 21. Nxe4 dxe5 22. Qxf7 1-0

[Event "Turkey IS Bank Super League 2017"]
[Site "Darica-Kocaeli"]
[Date "2017.08.05"]
[Round "12"]
[White "Asadli, Vugar"]
[Black "Can, Emre"]
[Result "1-0"]
[WhiteElo "2457"]
[BlackElo "2586"]
[Annotator "TA"]
[PlyCount "83"]
[EventType "team-tourn"]
[EventCountry "TUR"]
[SourceTitle "playchess.com"]
[Source "ChessBase"]
[SourceQuality "1"]

1. e4 c5 2. Nf3 d6 3. d4 cxd4 4. Nxd4 Nf6 5. Nc3 Nc6 6. Bc4 Qb6 7. Nb3 e6 8. Bf4 Ne5 9. Be2 Bd7 10. Qd2 a6 11. O-O Be7 12. Rad1 Rd8 13. Kh1 O-O 14. Be3 Qc7 15. f4 Nc4 16. Bxc4 Qxc4 17. Bb6 Nxe4 18. Nxe4 Qxe4 19. Bxd8 Rxd8 20. Rfe1 Qg6 21. Nd4 Qh5 22. Qb4 Bh4 23. Rf1 Bc8 24. Qb6 Re8 25. Qxd6 Qa5 26. a3 Be7 27. Qe5 Qb6 28. b4 Bf6 29. Qe3 Qc7 30. Nf3 Qxc2 31. Ne5 h5 32. Rc1 Qf5 33. Rc7 Bxe5 34. Qxe5 Qd3 35. Rfc1 Bd7 36. Rxb7 Qxa3 37. Ra1 Qd3 38. Qc7 Qd4 39. Rg1 Bb5 40. Qxf7+ Kh7 41. Qxh5+ Kg8 42. Rxb5 1-0

[Event "Turkey IS Bank Super League 2017"]
[Site "Darica-Kocaeli"]
[Date "2017.08.05"]
[Round "12"]
[White "Atalik, Ekaterina"]
[Black "Yildiz, Betul Cemre"]
[Result "1-0"]
[WhiteElo "2445"]
[BlackElo "2326"]
[Annotator "TA"]
[PlyCount "161"]
[EventType "team-tourn"]
[EventCountry "TUR"]
[SourceTitle "playchess.com"]
[Source "ChessBase"]
[SourceQuality "1"]

1. d4 d5 2. c4 dxc4 3. Nf3 a6 4. e3 Bg4 5. Bxc4 e6 6. O-O Nf6 7. Nc3 Nc6 8. Be2 Bd6 9. a3 O-O 10. h3 Bh5 11. b4 Bg6 12. Bb2 Nd5 13. Na4 b6 14. Rc1 Nb8 15. Qb3 Nd7 16. Ne5 f5 17. Nc3 N7f6 18. Bf3 Bf7 19. Nxf7 Rxf7 20. g3 Bf8 21. Rfe1 Qd7 22. Bg2 Rc8 23. e4 fxe4 24. Nxe4 Nxe4 25. Rxe4 Rd8 26. Rce1 c5 27. dxc5 bxc5 28. Rxe6 cxb4 29. R6e5 Nc7 30. axb4 Qd2 31. R5e2 Qxb4 32. Qxb4 Bxb4 33. Rc1 Rfd7 34. Rc4 a5 35. Be5 Nd5 36. h4 Nf6 37. Bh3 Rd2 38. Re3 R2d3 39. Rxd3 Rxd3 40. Rc8+ Kf7 41. Rc7+ Kg6 42. f4 Rd1+ 43. Bf1 h5 44. Kg2 a4 45. Bc4 Rd2+ 46. Kf3 a3 47. Rc6 Be7 48. Ke3 Rd7 49. Ra6 Bc5+ 50. Kf3 Be7 51. Be6 Rd8 52. f5+ Kh6 53. Bf7 Kh7 54. Ra7 Rd7 55. Ra8 Rd8 56. Rxd8 Bxd8 57. Bd6 Ng4 58. Ke2 Bf6 59. Bxa3 Be5 60. Bxh5 Nf6 61. Bg6+ Kh8 62. Kf3 Nd7 63. g4 Bf6 64. g5 Bd8 65. Ke4 Bc7 66. Be8 Ne5 67. Kd5 Ng4 68. Bb2 Kg8 69. Ke6 Bb6 70. Bf7+ Kh7 71. h5 Be3 72. Bg6+ Kg8 73. f6 gxf6 74. gxf6 Nxf6 75. Kxf6 Bh6 76. Ba3 Bg7+ 77. Kg5 Bc3 78. h6 Bd4 79. Bd3 Kh8 80. Kg6 Bc3 81. Bc4 1-0

[Event "Turkey IS Bank Super League 2017"]
[Site "Darica-Kocaeli"]
[Date "2017.08.05"]
[Round "12"]
[White "Kanmazalp, Ogulcan"]
[Black "Rozum, Ivan"]
[Result "0-1"]
[WhiteElo "2445"]
[BlackElo "2573"]
[Annotator "TA"]
[PlyCount "72"]
[EventType "team-tourn"]
[EventCountry "TUR"]
[SourceTitle "playchess.com"]
[Source "ChessBase"]
[SourceQuality "1"]

1. e4 c6 2. d4 d5 3. Nc3 dxe4 4. Nxe4 Bf5 5. Ng3 Bg6 6. h4 h6 7. Nf3 Nd7 8. h5 Bh7 9. Bd3 Bxd3 10. Qxd3 e6 11. Bd2 Ngf6 12. O-O-O Be7 13. Kb1 Qb6 14. Rhe1 c5 15. Qc4 O-O 16. Nf5 exf5 17. Rxe7 Rac8 18. dxc5 Rxc5 19. Qe2 Rb5 20. b3 Rd5 21. c4 Rd6 22. Be3 Qb4 23. Bd2 Qa3 24. Re3 f4 25. Bc1 Qc5 26. Red3 Rxd3 27. Rxd3 Qxh5 28. Ka1 Qg4 29. Nd4 Qxg2 30. Bxf4 Re8 31. Re3 Rxe3 32. Qxe3 Nc5 33. Nf5 Qf1+ 34. Kb2 Nd3+ 35. Kc2 Nxf2 36. Qg3 Qe2+ 0-1

[Event "Turkey IS Bank Super League 2017"]
[Site "Darica-Kocaeli"]
[Date "2017.08.05"]
[Round "12"]
[White "Ertan, Can"]
[Black "Firat, Burak"]
[Result "1-0"]
[WhiteElo "2377"]
[BlackElo "2482"]
[Annotator "TA"]
[PlyCount "43"]
[EventType "team-tourn"]
[EventCountry "TUR"]
[SourceTitle "playchess.com"]
[Source "ChessBase"]
[SourceQuality "1"]

1. e4 c5 2. Nf3 d6 3. d4 cxd4 4. Nxd4 Nf6 5. Nc3 a6 6. Be3 e6 7. g4 h6 8. Bg2 e5 9. Nf5 g6 10. Nxh6 Bxh6 11. Bxh6 Nxg4 12. Bd2 Qh4 13. Qf3 Nc6 14. Ne2 Be6 15. Qg3 Nxh2 16. Bg5 Qh5 17. f3 f5 18. O-O-O Bc4 19. Nf4 exf4 20. Qxf4 Be2 21. Rxd6 Kf8 22. exf5 1-0